000 00600nam a2200193 i 4500
001 21206
003 ES-MaACL
005 20240506155105.0
007 t|
008 021122s1965 sp ||||1| spa d
100 1 _aAgostini de del Río, Amelia.
_918577
245 1 0 _aA la sombra del arce /
_cAurelia Agostini de del Río.
260 _aPalma de Mallorca :
_bEd. de los Papeles de Son Armadans,
_c1965.
300 _a47 h. ;
_c20 cm.
490 1 _aColeccion Juan Ruiz ;
_v12
830 0 _aColección Juan Ruiz
_v12
_9182875
852 _aES-MaACL
_jC-28511
_bR.57080
999 _c21206
_d21206